[Event "EU-chT Seniors 02nd"]
[Site "Dresden"]
[Date "2000.03.08"]
[Round "7.3"]
[White "Krueger, Erich"]
[Black "Remplbauer, Hans"]
[Result "1-0"]
[WhiteElo "2262"]
[BlackElo "1774"]
[PlyCount "63"]
[EventDate "2000.03.01"]
[EventType "team-swiss"]
[EventRounds "7"]
[EventCountry "GER"]
[SourceTitle "EXT 2005"]
[Source "ChessBase"]
[SourceDate "2004.11.15"]
[SourceVersion "1"]
[SourceVersionDate "2004.11.15"]
[SourceQuality "1"]

1. d4 d6 2. c4 g6 3. Nc3 Bg7 4. e4 Nf6 5. Be2 0-0 6. Bg5 c6 7. Qd2 Nbd7 8. Nf3 e5 9. 0-0 Qc7 10. Rad1 Re8 11. d5 c5 12. a3 a6 13. b4 Rb8 14. Rb1 h5 15. Ne1 Nh7 16. Be3 b6 17. Nd3 Rf8 18. bxc5 Nxc5 19. Nxc5 bxc5 20. Rxb8 Qxb8 21. Rb1 Qc7 22. Qb2 Nf6 23. Qb6 Qd7 24. f3 Ne8 25. Bd1 f5 26. Ba4 Qe7 27. Qc6 f4 28. Bf2 Nf6 29. Rb6 Rd8 30. Rb8 Qf8 31. Qc7 g5 32. Bc6 1-0

[Event "EU-chT Seniors 02nd"]
[Site "Dresden"]
[Date "2000.03.04"]
[Round "4.3"]
[White "Neubert, Gerhard"]
[Black "Remplbauer, Hans"]
[Result "1/2-1/2"]
[WhiteElo "1901"]
[BlackElo "1774"]
[PlyCount "32"]
[EventDate "2000.03.01"]
[EventType "team-swiss"]
[EventRounds "7"]
[EventCountry "GER"]
[SourceTitle "EXT 2005"]
[Source "ChessBase"]
[SourceDate "2004.11.15"]
[SourceVersion "1"]
[SourceVersionDate "2004.11.15"]
[SourceQuality "1"]

1. d4 d6 2. e4 g6 3. Bc4 Bg7 4. Nf3 Nf6 5. Qe2 e6 6. e5 dxe5 7. dxe5 Nd5 8. Bg5 Qd7 9. 0-0 c6 10. a4 a5 11. Na3 h6 12. Bd2 0-0 13. Rad1 Qc7 14. Rfe1 Nd7 15. c3 Re8 16. Bc1 Nc5 1/2-1/2